000 01296pam a2200325 a 4500
999 _c126266
_d126266
001 2105685
003 ARRUPE
005 20170309145056.0
008 960314s1996 vauab b s001 0 eng
010 _a 96012909
020 _a081391664X (alk. paper)
020 _a0813916674 (pbk. : alk. paper)
040 _aDLC
_cDLC
_dDLC
043 _afs-----
_af------
050 0 0 _aBL2463
_b.C45 1996
082 0 0 _a291/.0968
_220
100 1 _aChidester, David.
_929281
245 1 0 _aSavage systems :
_bcolonialism and comparative religion in southern Africa /
_cDavid Chidester.
260 _aCharlottesville :
_bUniversity Press of Virginia,
_c1996.
300 _axviii, 324 p. :
_bill., map ;
_c24 cm.
490 1 _aStudies in religion and culture
504 _aIncludes bibliographical references (p. [279]-313) and index.
650 0 _aColonies
_zAfrica.
_918677
650 0 _aColonies.
_923599
650 0 _aReligion
_xStudy and teaching
_xHistory.
_929282
651 0 _aAfrica, Southern
_xReligion
_xStudy and teaching
_xHistory.
_929283
830 0 _aStudies in religion and culture (Charlottesville, Va.)
_929284
906 _a7
_bcbc
_corignew
_d1
_eocip
_f19
_gy-gencatlg
942 _2lcc
_cMONOGRAPH